01066 a2200181 45000010006000000050017000060080041000230030015000640400040000790800122001192450064002412640029003053000019003345050467003531000021008207000022008417000021008634589220260407155731.0260407a arg spa d AR-UNSa-BCEJYS aAR-UNSa-BCEJYSbspacAR-UNSa-BCEJYS a101.1xNaturaleza de la filosofía. La filosofía como ciencia. La filosofía como arte (pensamiento filosófico)10aHisoria de la Filosofía IV - La filosofía del siglo XIX 1aBuenos Aires :bHachette a662 p.c23 cm. a1. La filosofía del romanticismo y el idealismo alemán – 2. La pedagogía del romanticismo y la escuela popular – 3. Oposiciones al y limitaciones del idealismo – 4. La filosofía italiana del “risorgimiento” – 5. El pensamiento político y económico-social en los grandes estados europeos – 6. La ciencia del siglo XIX – 7. La filosofía del positivismo – 8. La reacción contra el naturalismo y el resurgimiento del espiritualismo.1 aCaletti, Oberdan1 aLamanna, E. Paolo1 aMazía, Floreal